Представление документа в формате MARC21

Поле Инд. ПП Название Значение
Тип записи a
Библиографический уровень m
001 Контрольный номер 0cc4150dedb641fda24b68ed2b20e876
005 Дата корректировки 20240314150518.0
020 a ISBN 5-85187-100-8
040 a Служба первич. каталог. НБ ТвГУ
b Код языка каталог. rus
e Правила каталог. PSBO
041 0_ a Код языка текста rus
080 a Индекс УДК 336.71
084 a Индекс другой классификации/Индекс ББК У262.5
090 a Полочн. индекс У262.5
x Авторский знак Ч-48
097 b Оператор Polyakova.IM
100 1_ a Автор Черкасов Владимир Евгеньевич
e Роль лиц Автор
245 00 a Заглавие Банковские операции: финансовый анализ
c Ответственность В. Е. Черкасов
260 c Дата издания 2001
a Место издания Москва
b Издательство Консалтбанкир
300 a Объем 285, [1] с.
b Иллюстрации/ тип воспроизводства табл.
520 0_ a Аннотация Показаны основные направления анализа активов и павссивов банка, ликвидности, прибыльности, валютных операций. Приводятся примеры расчетов, применяемые при анализе и планировании финансового состояния банка. Материалы книги могут быть использованы при разработке эффективных программно-информационных средств для автоматизированного финансового анализа. Для банковских специалистов, а также преподавателей и студентов экономических вузов, связанных с разработкой информационных систем.
653 0_ a Ключевые слова Банковские операции
a Ключевые слова Финансовый анализ
a Ключевые слова Активы банка
a Ключевые слова Пассивы банков
a Ключевые слова Финансовое состояние банка
a Ключевые слова Анализ активов
a Ключевые слова Анализ пассивов
a Ключевые слова Анализ ликвидности
a Ключевые слова Валютные операции банка
901 t Тип документа m
920 a Оператор Поля
a Оператор Петр
930 a Новая/Ретро новая
952 c Вид литературы К рн
954 b Дата поступления в ОК 20240112
a Дата поступления на обработку 20240314
c Дата окончания ОНО 20240314